000 00599nam a2200181 a 4500
001 000007239
005 20200929154115.0
008 090907s2004 dr dj 000 0 spa d
040 _aDO-SdBNP
_bspa
_cBNPHU
082 _axxxx
_bS4682e
100 1 _aSelman Hasbún, Abraham
_920085
245 1 0 _aEnergía y destino nacionales :
_bla privatización como solución racional /
_cAbraham Selman Hasbún.
260 _aSanto Domingo :
_bTele-3,
_c[198-].
300 _a63 p. :
_bgráf. , tablas. ;
_c21cm.
490 1 _aLuz ;
_v3
500 _aIncluye datos biográficos del autor
830 0 _aLuz ;
_n3
_920086
999 _c7020
_d7020